[Event "6th Heraklion Fischer 2019"]
[Site "Heraklion"]
[Date "2019.04.29"]
[Round "1.1"]
[White "Tate, Alan"]
[Black "Georgiev, Kiril"]
[Result "0-1"]
[WhiteElo "2308"]
[BlackElo "2588"]
[Annotator "TA"]
[PlyCount "116"]
[EventDate "2019.04.29"]
[EventType "tourn"]
[EventCountry "GRE"]
[SourceTitle "playchess.com"]
[Source "ChessBase"]
[SourceQuality "1"]

{[%evp 23,141,15,14,0,0,1,12,12,15,14,26,28,32,12,14,8,9,8,46,28,33,27,68,64,88,-54,-54,-53,-49,-36,-36,-10,0,-4,22,0,0,-22,-21,-92,-92,-145,-141,-160,-145,-146,-92,-87,-86,-104,-114,-142,-114,-191,-200,-269,-269,-266,-272,-276,-263,-275,-263,-327,-318,-588,-537,-522,-519,-545,-504,-568,-556,-849,-364,-381,-359,-847,-494,-659,-310,-410,-401,-469,-468,-456,-437,-405,-426,-405,-293,-393,-375,-361,-365,-447,-400,-547,-240,-229,-225,-291,-287,-486,-473,-449,-314,-775,-743,-740,-712,-580,-375,-793,-722,-1214,-1046,-2370,-2281,-1928]} 1. e4 c5 2. Nf3 Nc6 3. d4 cxd4 4. Nxd4 Nf6 5. Nc3 e5 6. Ndb5 d6 7. Bg5 a6 8. Na3 b5 {[%cal Bb7b5,Bb5b4][%mdl 32]} 9. Nd5 Be7 10. Bxf6 Bxf6 11. c4 b4 12. Nc2 a5 13. g3 {B33: Sicilian: Pelikan and Sveshnikov Variations} O-O 14. Bg2 g6 15. Nxf6+ {The position is equal.} Qxf6 16. O-O Bb7 17. Qd2 Nb8 $146 {[%cal Bc6b8,Bb8d7,Bd7f6,Bf6g4][%mdl 32]} ({Predecessor:} 17... Ra6 18. b3 Qe7 19. a3 bxa3 20. Rxa3 Rfa8 21. Rd1 Nd8 22. Bf1 Ne6 23. c5 Ng5 24. Qe3 Rc6 25. Rxd6 Rcc8 26. f3 {½-½ (26) Siigur,J (2446)-Jacobs,R (2378) ICCF email 2016}) 18. Ne3 Nd7 19. f4 Qe7 20. f5 Qg5 21. Rad1 Ra6 22. Qf2 Nf6 23. h4 Qh6 24. Nd5 (24. Qe2 $1 $16) 24... Bxd5 $1 $15 25. cxd5 Ng4 26. Qe1 $1 Qe3+ 27. Kh1 Qxe1 28. Rdxe1 Kg7 29. Bh3 Nf6 30. Kg2 Ra7 31. Kf3 (31. g4 $1 $11 {keeps the balance.}) 31... Rc7 $17 32. Rf2 (32. fxg6 $142 fxg6 33. Rc1 Nxd5+ 34. Ke2 Rxf1 35. Rxc7+ Nxc7 36. Bxf1) 32... h5 33. Kg2 Rc4 34. Kf3 a4 (34... Rb8 $142 35. b3 Rc3+ 36. Re3 a4 $1 {[%mdl 512]}) 35. Rd2 Rb8 36. Bf1 Rc5 37. Bh3 Rb7 38. Rde2 (38. fxg6 $17 fxg6 39. Re3) 38... Rbc7 $19 39. Re3 Kh6 40. fxg6 fxg6 41. Be6 Rc2 42. R1e2 Rc1 43. a3 b3 44. Rd3 $2 (44. Re1 R1c2 45. R3e2) 44... Rb1 {And now ...Rc2 would win.} 45. Rdd2 Rc4 46. Bh3 Kg7 47. Bg2 Nd7 48. Kf2 Nc5 (48... Rcc1 $142 {aiming for ...Nb6.} 49. Ke3 Nb6) 49. Bf3 Rcc1 50. Bg2 $2 (50. g4 hxg4 51. Bxg4) 50... g5 51. hxg5 Kg6 (51... Nd7 $142 {Threatens to win with ...Nb6.} 52. Bf3 Nb6) 52. Ke3 Rg1 53. Bf3 Rxg3 54. Rh2 Rf1 55. Rdf2 Rfg1 56. Kd2 Rxg5 57. Rh4 Rb1 58. Ke3 Nd7 {Played: Rg5-g3} 0-1

[Event "6th Heraklion Fischer 2019"]
[Site "Heraklion"]
[Date "2019.04.29"]
[Round "1.2"]
[White "Oglaza, Oskar"]
[Black "Rozentalis, Eduardas"]
[Result "1/2-1/2"]
[WhiteElo "2338"]
[BlackElo "2568"]
[Annotator "RC"]
[PlyCount "76"]
[EventDate "2019.04.29"]
[EventType "tourn"]
[EventCountry "GRE"]
[SourceTitle "playchess.com"]
[Source "ChessBase"]
[SourceQuality "1"]
[TimeControl "40/5400+30:1800+30"]

1. e4 {[%emt 0:00:00]} e6 {[%emt 0:00:00]} 2. d4 {[%emt 0:00:00]} d5 {[%emt 0:00:02]} 3. Nc3 {[%emt 0:00:00]} Bb4 {[%emt 0:01:14]} 4. e5 {[%emt 0:00:00]} c5 {[%emt 0:01:17]} 5. a3 {[%emt 0:00:11]} Bxc3+ {[%emt 0:00:12]} 6. bxc3 {[%emt 0:00:08]} Ne7 {[%emt 0:01:45]} 7. Qg4 {[%emt 0:00:13]} Nf5 {[%emt 0:00:21]} 8. Bd3 {[%emt 0:03:02]} h5 {[%emt 0:00:30]} 9. Qf4 {[%emt 0:00:26]} Nc6 {[%emt 0:00:31]} 10. Nf3 {[%emt 0:07:52]} Nce7 {[%emt 0:01:18]} 11. dxc5 {[%emt 0:05:03]} Qc7 {[%emt 0:02:46]} 12. Bxf5 {[%emt 0:19:46]} Nxf5 {[%emt 0:00:35]} 13. Nd4 {[%emt 0:00:19]} Qxc5 {[%emt 0:03:31]} 14. Nxf5 {[%emt 0:07:06]} exf5 {[%emt 0:02:24]} 15. Qd4 {[%emt 0:02:39]} Qxd4 {[%emt 0:01:44]} 16. cxd4 {[%emt 0:00:09]} Bd7 {[%emt 0:00:07]} 17. Bd2 {[%emt 0:02:16]} Rc8 {[%emt 0:04:21]} 18. c3 {[%emt 0:01:46]} Rc4 {[%emt 0:01:20]} 19. Rb1 {[%emt 0:01:33]} b6 {[%emt 0:04:21]} 20. Rb4 {[%emt 0:06:13]} Rxb4 {[%emt 0:05:44]} 21. cxb4 {[%emt 0:02:32]} h4 {[%emt 0:03:02]} 22. f3 {[%emt 0:04:15]} Bb5 {[%emt 0:05:09]} 23. Kf2 {[%emt 0:01:28]} Kd7 {[%emt 0:00:15]} 24. Rc1 {[%emt 0:00:30]} Rh5 {[%emt 0:05:27]} 25. a4 {[%emt 0:09:46]} Bc4 {[%emt 0:01:31]} 26. a5 {[%emt 0:10:47]} bxa5 {[%emt 0:11:41]} 27. bxa5 {[%emt 0:03:39]} Rh8 {[%emt 0:01:40]} 28. Rb1 {[%emt 0:00:07]} Ba6 {[%emt 0:00:27]} 29. Bb4 {[%emt 0:04:12]} Rb8 {[%emt 0:05:12]} 30. g3 {[%emt 0:00:14]} hxg3+ {[%emt 0:02:32]} 31. hxg3 {[%emt 0:00:06]} Bc4 {[%emt 0:03:51]} 32. Rb2 {[%emt 0:02:14]} a6 {[%emt 0:03:30]} 33. Ba3 {[%emt 0:03:54]} Bb5 {[%emt 0:00:44]} 34. Rc2 {[%emt 0:00:42]} Rh8 {[%emt 0:01:29]} 35. Kg2 {[%emt 0:00:35]} g5 {[%emt 0:04:34]} 36. Bd6 {[%emt 0:00:10]} Bc6 {[%emt 0:00:31]} 37. Rb2 {[%emt 0:00:15]} Bb5 {[%emt 0:00:10]} 38. Rc2 {[%emt 0:00:03]} Bc6 {[%emt 0:00:45]} 1/2-1/2

[Event "6th Heraklion Fischer 2019"]
[Site "Heraklion"]
[Date "2019.04.29"]
[Round "1.3"]
[White "Krishnater Kushager"]
[Black "Leenhouts, Koen"]
[Result "1/2-1/2"]
[WhiteElo "2329"]
[BlackElo "2446"]
[Annotator "TA"]
[PlyCount "159"]
[EventDate "2019.04.29"]
[EventType "tourn"]
[EventCountry "GRE"]
[SourceTitle "playchess.com"]
[Source "ChessBase"]
[SourceQuality "1"]

{[%evp 9,159,0,7,-15,10,-21,17,8,1,0,5,-6,-8,-17,-21,-19,-11,0,0,0,11,10,8,0,0,-28,56,21,59,60,44,45,52,32,43,41,46,-13,-8,-41,-34,-34,-20,-36,-37,-57,-57,-58,-58,-55,-55,-58,-40,-77,-64,-63,-58,-84,-14,-110,0,0,0,0,0,0,0,0,0,0,0,0,0,-8,0,0,0,0,0,0,0,0,0,0,0,0,0,0,0,0,0,0,0,0,0,0,0,0,0,0,0,0,0,0,0,0,0,0,0,0,0,0,0,0,0,0,0,0,0,0,0,0,0,0,0,0,0,0,0,0,0,0,0,0,0,0,0,0,0,0,0,0,0,0,0,0,0,0,0,0,0,0]} 1. d4 Nf6 2. c4 g6 3. Nc3 d5 4. Nf3 Bg7 5. h4 c6 6. Bg5 {D90: Grünfeld: 4 Nf3 Bg7 sidelines} (6. cxd5 cxd5 7. Bf4 O-O 8. e3 Nc6 9. Qb3 Na5 10. Qa3 Nc6 11. Qb3 Na5 12. Qa3 Nc6 {½-½ (34) Swiercz,D (2655)-Nepomniachtchi,I (2771) Astana 2019}) 6... O-O 7. e3 h6 8. Bxf6 Bxf6 9. h5 {White wants to play hxg6.} g5 $1 10. Rc1 e6 11. Bd3 Nd7 12. cxd5 $146 ({Predecessor:} 12. Bb1 Re8 13. Ne2 Bg7 14. Ng3 f5 15. cxd5 cxd5 16. O-O Nb8 {1-0 (34) Damljanovic,B (2539)-Martinovic,S (2386) Palic 2014}) 12... exd5 13. Ne2 Re8 14. O-O Nb6 15. Ng3 Bg7 16. b3 Be6 17. Nh2 Qc7 ({Better is} 17... Nc8 $11) 18. Qf3 Nc8 19. Ng4 Bxg4 20. Qxg4 Nd6 21. Rce1 Re6 22. Nf5 Rae8 23. Nxg7 (23. b4 $14) 23... Kxg7 $11 24. f4 Qe7 ({Wrong is} 24... Rxe3 $2 25. Rxe3 Rxe3 26. fxg5 $18) 25. Rf3 Ne4 26. Bxe4 Rxe4 27. Qf5 {[#]} Rxf4 $1 {[%mdl 512]} 28. Rxf4 (28. exf4 Qxe1+) 28... gxf4 29. Qxf4 $15 {[%mdl 4096] Endgame KQR-KQR} Qg5 30. Qf3 Re4 31. Re2 f5 32. b4 Kf6 33. g3 Qg4 ({Black should try} 33... Rg4 $17 34. Kf2 Qxh5) 34. Qxg4 (34. Kg2 $11) 34... Rxg4 $11 {KR-KR} (34... fxg4 $17 35. Kf2 Kg5) 35. Kf2 {The position is equal.} Rg5 36. b5 Rxh5 {[#] ...Rh2+ is the strong threat.} 37. Kg2 $1 cxb5 38. Rb2 Ke6 39. Rxb5 b6 40. Rb3 Rg5 41. Kf3 Rg7 42. Rb2 Kd6 43. Rh2 Rg6 44. Kf4 Rf6 45. Rb2 Rg6 46. Rh2 Kc6 47. Rh5 Kb5 48. Rxf5 Kc4 49. Rf7 a5 50. Rc7+ Kb4 51. Rc2 Re6 52. Rb2+ $1 Kc3 53. Rb5 Kc4 54. a4 h5 55. Rb1 Kd3 56. Rb3+ $1 Kc4 57. Rb1 Rg6 58. Ra1 Kb3 59. Ke5 Rxg3 60. Kxd5 {And now e4 would win.} Rxe3 61. Rb1+ Kxa4 62. Rxb6 h4 63. Kc4 Re1 64. Rh6 Rc1+ 65. Kd3 Kb3 {Hoping for ...Rd1+.} (65... Rh1 $5 66. Kc4 $8 Rc1+ 67. Kd3 Kb4 $11) 66. Rxh4 a4 67. Rh8 Rd1+ (67... a3 $5 68. Rb8+ $8 Ka2 $11) 68. Ke4 a3 {aiming for ...a2.} 69. Rb8+ $1 Kc3 70. Rc8+ Kb2 {White must now prevent ...a2.} 71. Rb8+ Ka1 72. d5 a2 73. Ke5 Rb1 74. Ra8 Re1+ 75. Kf6 Kb2 76. d6 a1=Q 77. Rxa1 Rxa1 78. d7 Rd1 79. Ke7 Rxd7+ 80. Kxd7 {Accuracy: White = 67%, Black = 55%.} 1/2-1/2

[Event "6th Heraklion Fischer 2019"]
[Site "Heraklion"]
[Date "2019.04.29"]
[Round "1.4"]
[White "Moksh Amit Doshi"]
[Black "Gungl, Theo"]
[Result "1-0"]
[WhiteElo "2256"]
[BlackElo "2329"]
[Annotator "TA"]
[PlyCount "81"]
[EventDate "2019.04.29"]
[EventType "tourn"]
[EventCountry "GRE"]
[SourceTitle "playchess.com"]
[Source "ChessBase"]
[SourceQuality "1"]

{[%evp 20,85,45,36,37,50,66,60,74,62,75,71,84,62,77,79,114,69,59,83,141,134,130,-25,-19,-117,0,0,44,-64,-86,-62,26,0,120,24,156,158,442,437,450,433,414,324,345,0,0,0,478,476,501,498,481,501,486,458,493,466,503,503,1005,1006,966,887,870,864,809,802]} 1. e4 c5 2. Nf3 d6 3. d4 cxd4 4. Nxd4 Nf6 5. Nc3 a6 6. Be3 e6 7. f3 b5 8. Qd2 Bb7 9. g4 Nfd7 10. O-O-O Nb6 11. Nb3 N8d7 {B80: Sicilian Scheveningen: 6 g3 and 6 Be3, including English Attack} 12. Na5 Rb8 13. Bf4 (13. Bd4 Ba8 14. h4 Qc7 15. g5 b4 16. Nb1 e5 17. Bxb6 Rxb6 18. Nc4 Rc6 19. Ne3 {1-0 (70) Aronian,L (2767)-Nakamura,H (2777) Saint Louis 2018}) 13... Nc8 {White is slightly better.} 14. Nxb7 Rxb7 15. h4 Be7 16. Kb1 Ndb6 17. g5 $146 ({Predecessor:} 17. Bd3 Nc4 18. Qe2 {1-0 (18) Sutton,J (2056)-Johnson,K (1798) ICCF email 2015}) 17... Qc7 18. h5 b4 19. Ne2 Nc4 (19... e5 $142) 20. Qd3 $16 N8b6 21. Ng3 $2 (21. Bc1 $1 $16) 21... O-O $11 22. Bc1 (22. h6 $11 g6 23. Bc1) 22... Rc8 ({Black should play} 22... d5 $17 23. f4 Rd8) 23. f4 Na4 (23... Na3+ $5 24. bxa3 bxa3 $16) 24. Ka1 ({White should try} 24. Qxc4 $14 Qxc4 25. Bxc4 Rxc4 26. Be3) 24... Qa5 $1 $15 25. Qd4 Rbc7 (25... Na3 $15 26. bxa3 Rxc2) 26. h6 {[%csl Gh6][%cal Rd4g7]} e5 (26... Bf6 $1 $11 {remains equal.} 27. gxf6 Ncxb2 28. Bxb2 Nxb2 29. Qxb2 Rxc2) 27. fxe5 (27. Qd5 $16 {And now Bxc4 would win.} Qxd5 28. exd5 exf4 29. Nf5 (29. Bxf4 Ncxb2 30. Rb1 g6 $14)) 27... dxe5 (27... Ncxb2 $1 $11 28. e6 (28. Bxb2 Nxb2 29. Rb1 dxe5 $15) (28. exd6 $2 Bf6 $17) 28... Bf6 29. gxf6 (29. exf7+ Kxf7 30. gxf6 Nc3 $17) 29... Nc3 30. Qxc3 bxc3 31. hxg7 fxe6) 28. Qd5 $40 {[%mdl 128] White attacks with force.} Rc5 $2 {[#]} (28... Qxd5 $16 {is a better defense.} 29. exd5 Ncxb2 30. Bxb2 Rxc2) 29. Nf5 $3 $18 {[%mdl 576] Double Attack} Bf8 {White must now prevent ...Na3.} 30. hxg7 {Intending Nh6+ and mate.} Rxd5 31. gxf8=Q+ (31. exd5 $2 {too greedy.} Bxg7 32. d6 (32. Ne7+ $2 Kf8 $19) 32... Ncxb2 $1 $19 {[%mdl 512]}) ({Not} 31. Rxd5 Qc7 $11) 31... Rxf8 32. Rxd5 $2 (32. exd5 $18 Qc5 33. Bd3) 32... Qc7 $11 33. Rd3 {White wants to mate with Rdh3.} Rc8 $2 {[%mdl 8192]} (33... Na3 $1 $11 {and Black is okay.} 34. bxa3 Qxc2 35. Ne7+ Kh8 36. Rxh7+ Kxh7 37. Rh3+ {[%mdl 64] Discovered Attack} Kg7 $1 {[%mdl 512]} 38. Nf5+ Kg8 $1 {[%mdl 512]} 39. Nh6+ Kh8 $1 {[%mdl 512]} 40. Nf5+ Kg8 $1 {[%mdl 512]} 41. Nh6+ Kh8 $1 {[%mdl 512]} 42. Nf5+ Kg8 $1 {[%mdl 512]}) 34. Rdh3 $18 {White is clearly winning.} Na3 {[#]} 35. Bd3 $1 Nxc2+ 36. Bxc2 Qxc2 37. Ne7+ {[%mdl 64] Double Attack} Kf8 {( -> ...Qxc1+)} 38. Nxc8 Qxc8 39. Rxh7 {Hoping for Rh8+.} Qc4 {[#]} (39... Qc6 $142 40. Rf1 Ke8 41. Rhxf7 Qxe4) 40. g6 $1 {[%mdl 512]} fxg6 {[#]} 41. Bh6+ {Played: Rh7-a7} 1-0

[Event "6th Heraklion Fischer 2019"]
[Site "Heraklion"]
[Date "2019.04.29"]
[Round "1.5"]
[White "Mitsis, Georgios"]
[Black "Kapnisis, Spyridon"]
[Result "1/2-1/2"]
[WhiteElo "2362"]
[BlackElo "2459"]
[Annotator "TA"]
[PlyCount "108"]
[EventDate "2019.04.29"]
[EventType "tourn"]
[EventCountry "GRE"]
[SourceTitle "playchess.com"]
[Source "ChessBase"]
[SourceQuality "1"]

{[%evp 21,108,23,39,40,35,28,25,20,36,25,22,25,28,37,18,21,18,33,41,22,41,39,43,27,27,51,30,27,52,55,54,23,51,47,25,5,14,-12,0,0,0,0,19,20,87,81,130,91,89,81,82,62,83,68,94,84,118,0,84,0,4,9,29,27,37,32,43,47,60,7,8,8,8,6,41,0,14,0,0,0,0,0,0,0,0,0,4,0,0]} 1. d4 Nf6 2. c4 e6 3. Nf3 c5 4. e3 cxd4 5. exd4 Bb4+ 6. Nc3 O-O 7. Bd3 d5 8. cxd5 exd5 9. O-O Nc6 10. Bg5 Be7 11. h3 Be6 12. Re1 {C01: French: Exchange Variation} Rc8 13. a3 Re8 {[#]} 14. Bc2 $146 {White has an edge.} ({Predecessor:} 14. Rc1 Na5 15. Ne5 Nc4 16. Nxd5 Nxb2 17. Rxc8 Nxd1 18. Rxd8 Bxd8 19. Bxf6 gxf6 {1-0 (42) Naiditsch,A (2654)-Minasian,A (2586) Dresden 2007}) 14... Na5 15. Qd3 {And now Bxf6 would win.} g6 16. Ba4 Nd7 17. Bxe7 Rxe7 18. Bxd7 Qxd7 19. Ne5 Qd8 20. Qf3 Kg7 21. Rad1 Re8 22. Re2 a6 23. Nd3 Nc6 24. Nf4 Qf6 25. Qg3 {[#] Hoping for Nh5+.} Qf5 26. Rdd2 Kh8 27. Re3 g5 28. Nfe2 Qg6 29. b4 Ne7 {[#] Threatens to win with ...Nf5.} 30. Qe5+ Kg8 31. g4 Nc6 32. Qg3 Qf6 (32... f5 $11 {keeps the balance.}) 33. f4 $16 {f5 is the strong threat.} gxf4 34. Qxf4 Qh4 35. Qf2 Qg5 36. Nf4 Kh8 $1 37. Kh1 Qf6 38. Rf3 (38. Qg3 {with more complications.} Qg5 39. Rdd3 Rcd8 40. Re2 Rg8 41. Nxe6 fxe6 42. Rxe6 Rgf8 43. Qe3) 38... Qg5 39. Re3 Qf6 $1 40. Nd3 (40. Qg3 $16) 40... Qxf2 41. Nxf2 Nb8 42. Kh2 Nd7 43. Na4 b6 44. Nd3 Rc6 45. Ne5 ({White should try} 45. Nf4 $14) 45... Nxe5 $11 46. Rxe5 Rec8 47. Kg3 Rc1 48. Re3 R8c6 {The position is equal.} 49. Kf4 Kg7 50. Rdd3 Rf1+ 51. Rf3 Re1 52. Rfe3 Rf1+ 53. Rf3 Re1 54. Rfe3 Rf1+ {Accuracy: White = 56%, Black = 51%.} 1/2-1/2

[Event "6th Heraklion Fischer 2019"]
[Site "Heraklion"]
[Date "2019.04.30"]
[Round "2.1"]
[White "Georgiev, Kiril"]
[Black "Kapnisis, Spyridon"]
[Result "1/2-1/2"]
[WhiteElo "2588"]
[BlackElo "2459"]
[Annotator "TA"]
[PlyCount "55"]
[EventDate "2019.04.29"]
[EventType "tourn"]
[EventCountry "GRE"]
[SourceTitle "playchess.com"]
[Source "ChessBase"]
[SourceQuality "1"]

{[%evp 9,55,-5,11,12,55,60,41,22,24,20,85,80,89,79,72,51,78,45,39,44,42,14,25,0,-11,-6,0,-8,-8,-10,-8,-14,-8,-10,-10,-8,-14,-8,-10,-18,-18,-22,-8,-9,-8,-6,-2,-9]} 1. d4 d5 2. c4 e6 3. Nf3 Nf6 4. Nc3 c6 5. g3 b6 6. Bg2 {E01: Catalan: Early deviations} Ba6 (6... Be7 7. O-O O-O 8. Ne5 Ba6 9. Qa4 Qe8 10. cxd5 cxd5 11. Qxe8 Rxe8 12. a4 Rc8 13. Bf4 Nc6 14. Nxc6 Rxc6 15. Rfc1 Rac8 16. Nb5 Rxc1+ 17. Rxc1 Rxc1+ 18. Bxc1 Bxb5 19. axb5 {½-½ (40) Tabatabaei,M (2600)-Andreikin,D (2725) Astana 2019}) 7. cxd5 cxd5 8. Ne5 {White is slightly better.} Bb7 $146 ({Predecessor:} 8... Nfd7 9. Qa4 Be7 10. Nxd5 b5 11. Qb3 Nxe5 12. Nxe7 Qxe7 13. dxe5 {1-0 (13) Sellen,I (2116)-Stone,A (2063) Wellington 2016}) 9. Qa4+ Nfd7 (9... Nbd7 $11 {remains equal.}) 10. e4 $16 dxe4 11. Nxe4 {[#] And now Nxf7! would win.} Bd5 12. Nc4 Be7 13. O-O O-O 14. Ne3 Bc6 15. Qb3 Na6 16. Qc4 Nb4 $36 {[%mdl 2048] The position is equal. White is under pressure.} 17. a3 Rc8 18. axb4 {[#] Strongly threatening Qe2.} Bxe4 $1 19. Qb3 Bxg2 20. Kxg2 Nf6 21. Rxa7 Ra8 22. Rxa8 Qxa8+ 23. Kg1 Rd8 24. Rd1 Qf3 {With the idea ...Ne4.} 25. Rd3 Qe2 {White must now prevent ...Qe1+.} 26. Qd1 Qxd1+ 27. Rxd1 Bxb4 28. Bd2 {Accuracy: White = 60%, Black = 75%.} 1/2-1/2

[Event "6th Heraklion Fischer 2019"]
[Site "Heraklion"]
[Date "2019.04.30"]
[Round "2.2"]
[White "Gungl, Theo"]
[Black "Mitsis, Georgios"]
[Result "1/2-1/2"]
[WhiteElo "2329"]
[BlackElo "2362"]
[Annotator "NA"]
[PlyCount "38"]
[EventDate "2019.04.29"]
[EventType "tourn"]
[EventCountry "GRE"]
[SourceTitle "playchess.com"]
[Source "ChessBase"]
[SourceQuality "1"]
[TimeControl "40/5400+30:1800+30"]

1. d4 {[%emt 0:00:00]} Nf6 {[%emt 0:00:00]} 2. c4 {[%emt 0:00:00]} e6 {[%emt 0:00:00]} 3. Nc3 {[%emt 0:00:00]} Bb4 {[%emt 0:00:00]} 4. e3 {[%emt 0:00:00]} O-O {[%emt 0:00:06]} 5. Nge2 {[%emt 0:00:00]} c6 {[%emt 0:00:20]} 6. a3 {[%emt 0:00:14]} Ba5 {[%emt 0:00:07]} 7. c5 {[%emt 0:00:13]} Bc7 {[%emt 0:08:16]} 8. g3 {[%emt 0:01:18]} b6 {[%emt 0:03:26]} 9. b4 {[%emt 0:11:54]} a5 {[%emt 0:00:14]} 10. Bb2 {[%emt 0:01:20]} axb4 {[%emt 0:00:54]} 11. axb4 {[%emt 0:00:02]} Rxa1 {[%emt 0:00:21]} 12. Qxa1 {[%emt 0:00:23]} d5 $11 {[%emt 0:12:44]} 13. cxb6 {[%emt 0:21:06]} Bxb6 {[%emt 0:00:07]} 14. Bg2 {[%emt 0:01:36]} Ba6 {[%emt 0:02:00]} 15. O-O {[%emt 0:04:17]} Bc7 {[%emt 0:04:20]} 16. Qa4 {[%emt 0:10:29]} Bd6 {[%emt 0:00:47]} 17. b5 {[%emt 0:17:37]} cxb5 {[%emt 0:00:23]} 18. Nxb5 {[%emt 0:00:06]} Bxb5 {[%emt 0:03:55]} 19. Qxb5 {[%emt 0:00:02]} Nbd7 {[%emt 0:00:17]} 1/2-1/2

[Event "6th Heraklion Fischer 2019"]
[Site "Heraklion"]
[Date "2019.04.30"]
[Round "2.3"]
[White "Leenhouts, Koen"]
[Black "Moksh Amit Doshi"]
[Result "1-0"]
[WhiteElo "2446"]
[BlackElo "2256"]
[Annotator "NA"]
[PlyCount "71"]
[EventDate "2019.04.29"]
[EventType "tourn"]
[EventCountry "GRE"]
[SourceTitle "playchess.com"]
[Source "ChessBase"]
[SourceQuality "1"]
[TimeControl "40/5400+30:1800+30"]

1. d4 {[%emt 0:00:30]} Nf6 {[%emt 0:01:32]} 2. c4 {[%emt 0:00:06]} e6 {[%emt 0:00:06]} 3. g3 {[%emt 0:00:14]} d5 {[%emt 0:01:09]} 4. Nf3 {[%emt 0:00:07]} dxc4 {[%emt 0:00:09]} 5. Bg2 {[%emt 0:00:07]} c5 {[%emt 0:00:05]} 6. O-O {[%emt 0:00:12]} Nc6 {[%emt 0:00:06]} 7. Qa4 {[%emt 0:00:16]} Bd7 {[%emt 0:00:10]} 8. Qxc4 {[%emt 0:00:11]} cxd4 {[%emt 0:00:05]} 9. Nxd4 {[%emt 0:00:23]} Rc8 {[%emt 0:00:06]} 10. Nc3 {[%emt 0:00:22]} Nxd4 {[%emt 0:00:07]} 11. Qxd4 {[%emt 0:00:09]} Bc5 {[%emt 0:00:06]} 12. Qh4 {[%emt 0:01:24]} h6 {[%emt 0:00:26]} 13. Bxb7 {[%emt 0:07:24]} Rb8 {[%emt 0:00:07]} 14. Bg2 {[%emt 0:03:17]} Rb4 $14 {[%emt 0:02:17]} 15. e4 {[%emt 0:01:41]} Bd4 {[%emt 0:12:17]} 16. a3 {[%emt 0:13:07]} Rb3 {[%emt 0:03:20]} 17. e5 {[%emt 0:30:50]} Bxe5 {[%emt 0:01:53]} 18. Re1 {[%emt 0:02:11]} Rxc3 {[%emt 0:33:28]} 19. Rxe5 {[%emt 0:01:15]} Rc2 {[%emt 0:00:46]} 20. Be3 {[%emt 0:03:52]} Qc7 {[%emt 0:02:54]} 21. Qd4 {[%emt 0:05:23]} O-O {[%emt 0:06:16]} 22. Rc5 {[%emt 0:00:10]} Rxc5 {[%emt 0:00:06]} 23. Qxc5 {[%emt 0:00:04]} Qb8 {[%emt 0:03:24]} 24. b4 {[%emt 0:02:41]} a6 {[%emt 0:00:31]} 25. Qd4 {[%emt 0:05:18]} Nd5 {[%emt 0:03:03]} 26. Bd2 {[%emt 0:06:40]} Rc8 {[%emt 0:01:04]} 27. Bxd5 {[%emt 0:00:52]} exd5 {[%emt 0:00:11]} 28. Bc3 {[%emt 0:00:08]} f6 {[%emt 0:01:21]} 29. Qxd5+ {[%emt 0:00:14]} Kh8 {[%emt 0:00:15]} 30. Bxf6 {[%emt 0:02:51]} Bc6 {[%emt 0:00:08]} 31. Qh5 {[%emt 0:01:06]} gxf6 {[%emt 0:00:07]} 32. Qxh6+ {[%emt 0:00:06]} Kg8 {[%emt 0:00:08]} 33. Qg6+ {[%emt 0:00:04]} Kf8 {[%emt 0:00:14]} 34. Qxf6+ {[%emt 0:00:08]} Kg8 {[%emt 0:00:06]} 35. Re1 {[%emt 0:01:26]} Ba8 {[%emt 0:02:44]} 36. Qg5+ {[%emt 0:00:11]} 1-0

[Event "6th Heraklion Fischer 2019"]
[Site "Heraklion"]
[Date "2019.04.30"]
[Round "2.4"]
[White "Rozentalis, Eduardas"]
[Black "Krishnater Kushager"]
[Result "0-1"]
[WhiteElo "2568"]
[BlackElo "2329"]
[Annotator "TA"]
[PlyCount "80"]
[EventDate "2019.04.29"]
[EventType "tourn"]
[EventCountry "GRE"]
[SourceTitle "playchess.com"]
[Source "ChessBase"]
[SourceQuality "1"]

{[%evp 10,80,47,41,46,3,0,0,26,25,46,36,31,0,0,-28,-28,-37,-32,-46,-47,-45,-16,-43,-24,-16,29,-5,0,0,0,-18,-25,-46,-46,-46,-33,-37,-39,-53,-43,-57,-68,-58,-59,-83,-81,-149,-133,-125,-133,-102,-9,-25,-26,-147,-165,-146,-140,-160,-124,-142,-135,-139,-144,-234,-218,-559,-537,-547,-424,-526,-512]} 1. e4 e5 2. Nf3 Nc6 3. Bc4 Nf6 4. d3 h6 5. Nbd2 d6 6. c3 g5 {C55: Two Knights: 4 d3, 4 d4 exd4 5 e5 and Max Lange Attack} 7. Nf1 (7. h3 Nh5 8. g3 Nf6 9. Nf1 Bg7 10. Ne3 Ne7 11. Bb3 c6 12. h4 g4 13. Nh2 h5 14. f3 {1-0 (40) Dominguez Perez,L (2739)-Mamedyarov,S (2801) Saint Louis 2018}) 7... g4 $146 ({Predecessor:} 7... Bg7 8. Ng3 O-O 9. O-O Ne7 10. d4 Ng6 11. Re1 c6 12. Bb3 Qc7 13. Nf5 Bxf5 14. exf5 {1-0 (53) Moussard,J (2605)-Alvarado Diaz,A (2388) chess.com INT 2019}) 8. Ng1 Na5 {The position is equal.} (8... d5 {looks sharper.} 9. exd5 Nxd5 10. Qb3 Na5 11. Qa4+ Nc6) 9. Bb5+ Bd7 10. Bxd7+ Qxd7 11. Ng3 d5 12. N1e2 O-O-O 13. Qc2 dxe4 14. dxe4 Nc4 15. b3 Nd6 (15... Na3 {feels hotter.} 16. Bxa3 Bxa3 17. b4 Qd3 18. Qxd3 Rxd3 19. Rd1 Rxd1+ 20. Kxd1 c5) 16. f3 h5 17. Bg5 Qe6 {next ...h4 is good for Black.} 18. O-O-O Be7 19. h4 gxh3 20. Rxh3 Rdg8 21. Be3 h4 22. Rdh1 Nd7 23. R3h2 Rg7 24. c4 {White wants to play c5.} Rhg8 25. Nf5 Nxf5 26. exf5 Qc6 $1 $36 {[%mdl 2048] Black has some pressure.} ({Don't play} 26... Qd6 $6 27. Nc3 $11) 27. Nc3 {[#]} h3 $1 {[%cal Rh3g2][%mdl 512]} 28. gxh3 ({White should try} 28. Nb5 Bc5 29. Bxc5 Qxc5 30. gxh3) 28... Qxf3 $17 29. Qe4 Rg3 30. Bd2 Nc5 (30... Ba3+ $17 31. Kc2 Qh5) 31. Qxf3 $11 Rxf3 32. Nd5 {[#]} (32. h4 $1 $11) 32... Bh4 $1 $17 33. Re2 Rxf5 34. Kc2 c6 35. Ne3 Rf3 36. Ng4 f6 37. Be3 (37. Re3 $17 {was worth a try.} Rf4 38. Rc3) 37... Ne6 $19 38. Kd3 $2 (38. Bxa7 Kc7 39. Be3) 38... Nd4 {Black is clearly winning.} 39. Reh2 Re8 40. Rg2 f5 {Accuracy: White = 39%, Black = 56%.} 0-1